000 00356nam a22001457a 4500
020 _a81-207-2146-2
082 _a330
_bKAR/E
100 _aKARPAGAM, M
245 _aENVIRONMENTAL ECONOMICS
250 _aREPRINT AND ENLARGED EDITION
260 _aDELHI
_bSTERLING PUBLICATIONS
_c2006
300 _a363
650 _aECONOMICS REFERENCE
_zINDIA
942 _cBK
999 _c1686
_d1686